00926nab a2200265 uc450000100070000000500170000700800410002403500110006503500210007604000130009704100080011010000400011824501280015865000290028665000330031565000210034865000290036965000260039865000390042465000210046365000290048465000240051365000130053777301100055037543720250208090850.0990422nuuuuuuuu spa  a375437 a(OCoLC)819777910 ccomduadb aspa10aSanchez Albarran, Armando4auteaut10aBalance y perspectivas en el area de sociologia rural en los ochenta : hacia nuevas sintesis en los estudios sobre el campo 7aSociología rural2lemb 7aInvestigación social2lemb 7aCampesinos2lemb aIndustrias agropecuarias 7aBiotecnología2lemb 7aEmigración e inmigración2lemb aSujetos sociales 7aCultura política2lemb 7aCambio social2lemb aMéxico0 tSociológica (México)gVolumen 06, Número 15, Enero-Abril 1991, p. 381-412w224318x0187-0173098203